The Prakash Padukone story / (Record no. 82102)

MARC details
000 -LEADER
fixed length control field 00746nam a22002177a 4500
005 - DATE AND TIME OF LATEST TRANSACTION
control field 20140207152626.0
010 ## - LCCN (DPL NO)
LC control number ENG-109158
020 ## - INTERNATIONAL STANDARD BOOK NUMBER
International Standard Book Number 9789383098033
Terms of availability 495.00
035 ## - SYSTEM CONTROL NUMBER
System control number EN-92691
037 ## - SOURCE OF ACQUISITION
Source of stock number/acquisition DBAD/PUB
082 ## - DEWEY DECIMAL CLASSIFICATION NUMBER
Classification number 796.345092
100 ## - MAIN ENTRY--PERSONAL NAME
Personal name Sukumar, Dev S.
245 ## - TITLE STATEMENT
Title The Prakash Padukone story /
Statement of responsibility, etc by Dev S. Sukumar
260 ## - PUBLICATION, DISTRIBUTION, ETC. (IMPRINT)
Place of publication, distribution, etc New Delhi
Name of publisher, distributor, etc Niyogi Books
Date of publication, distribution, etc 2013
270 ## - ADDRESS
City New Delhi
Postal code 110020
Address D- 78, Okhala Industrial Area, Phase- 1
300 ## - PHYSICAL DESCRIPTION
Extent x,242p. :
Dimensions 23cm(pbk)
Other physical details ill.
520 ## - SUMMARY, ETC.
Summary, etc Prakash Padukone,
Expansion of summary note 1955, badminton player from Karnataka, India.
600 ## - SUBJECT ADDED ENTRY--PERSONAL NAME
Personal name Padukone, Prakash,
Dates associated with a name 1955-
650 ## - SUBJECT ADDED ENTRY--TOPICAL TERM
Topical term or geographic name as entry element Badminton players
Geographic subdivision India
-- Karnataka
Form subdivision Biography.
942 ## - ADDED ENTRY ELEMENTS (KOHA)
Source of classification or shelving scheme Dewey Decimal Classification
Item type English Books
Call number suffix SUK
Classification part 796.345092
Holdings
Withdrawn status Lost status Not for loan Collection code Home library Current library Date acquired Source of acquisition Cost, normal purchase price Full call number Barcode Copy number Cost, replacement price Koha item type
    Not For Loan Non-fiction D.B.Act.Division D.B.Act.Division 23/01/2014 DBAD/PUB 495.00 796.345092 SUK EN-92691 1 495.00 English Books

© Delhi Public Library
Hit Counter
free hit counter